|
|
|
|
| LEADER |
00000nam0a2200000 4500 |
| 001 |
262798 |
| 005 |
20231101233702.0 |
| 010 |
|
|
|a 5217001887
|
| 035 |
|
|
|a (RuTPU)RU\TPU\book\285781
|
| 090 |
|
|
|a 262798
|
| 100 |
|
|
|a 20140603d1988 m y0rusy50 ca
|
| 101 |
0 |
|
|a rus
|
| 102 |
|
|
|a RU
|
| 105 |
|
|
|a y z 001zy
|
| 200 |
1 |
|
|a Организация ремонта производственного оборудования машиностроительных предприятий
|f А. Н. Климов, Л. Г. Попова
|
| 205 |
|
|
|a 2-е изд., перераб. и доп.
|
| 210 |
|
|
|a Ленинград
|c Машиностроение
|d 1988
|
| 215 |
|
|
|a 144 с.
|
| 320 |
|
|
|a Библиогр.: с. 142-143.
|
| 606 |
1 |
|
|a Промышленное оборудование
|x Ремонт
|x Технический контроль
|x Техническое нормирование
|x Механизация
|2 stltpush
|3 (RuTPU)RU\TPU\subj\52287
|9 70773
|
| 610 |
1 |
|
|a машиностроительные предприятия
|
| 610 |
1 |
|
|a производственное оборудование
|
| 610 |
1 |
|
|a ремонт
|
| 610 |
1 |
|
|a научно-технический прогресс
|
| 610 |
1 |
|
|a техническое обслуживание
|
| 610 |
1 |
|
|a ЭВМ
|
| 610 |
1 |
|
|a ремонтное производство
|
| 610 |
1 |
|
|a обновление
|
| 610 |
1 |
|
|a восстановление
|
| 610 |
1 |
|
|a планирование
|
| 610 |
1 |
|
|a техническое перевооружение
|
| 610 |
1 |
|
|a экономика
|
| 675 |
|
|
|a 621.797
|v 3
|
| 700 |
|
1 |
|a Климов
|b А. Н.
|g Алексей Николаевич
|
| 701 |
|
1 |
|a Попова
|b Л. Г.
|g Лариса Григорьена
|
| 801 |
|
1 |
|a RU
|b 63413507
|c 20140603
|
| 801 |
|
2 |
|a RU
|b 63413507
|c 20150415
|g RCR
|
| 942 |
|
|
|c BK
|